Minor Civil Divisions (Districts) of West Virginia With a Map - Statistics

General Stats
  • This quiz has been taken 217 times
  • The average score is 59 of 228
Answers on the Map
Answers color-coded by a green-red scale on the quiz's map according to % correct below.
 
Answer Stats
County MCD % Correct
Clay | Pleasants C
86%
Clay | Pleasants A
82%
Clay | Pleasants B
82%
Boone | Cabell | Calhoun | +10 others 1
80%
Boone | Cabell | Calhoun | +10 others 3
79%
Pleasants D
79%
Boone | Cabell | Calhoun | +10 others 2
78%
Cabell | Calhoun | Kanawha 4
78%
Cabell | Calhoun 5
77%
Barbour | Tyler West
36%
Barbour | Tyler North
34%
Barbour | Tyler South
33%
Greenbrier | Logan | Monongalia | +5 others Central
30%
Mercer | Roane I
29%
Nicholas Jefferson
29%
Wood Parkersburg
26%
Wirt Northeast
24%
Harrison | Wirt Southwest
24%
Jefferson Charles Town
23%
Jefferson Harpers Ferry
22%
Mason Lewis
20%
Grant | Hancock | Nicholas | Ritchie Grant
19%
Braxton | Harrison | Jackson | Webster Northern
18%
Hancock | Ritchie | Wood Clay
17%
Braxton | Greenbrier | Harrison | +6 others Eastern
17%
Randolph Mingo
17%
Braxton | Harrison | Webster Southern
17%
Braxton | Greenbrier | Jackson | +5 others Western
17%
Gilmer Center
16%
Wood Harris
16%
Brooke Weirton
15%
Nicholas Hamilton
14%
Mingo Lee
14%
Hampshire Springfield
11%
Grant | Mason | Ritchie | +2 others Union
11%
Berkeley Shenandoah
10%
Berkeley | Fayette Valley
10%
Doddridge Oak
9%
Berkeley Potomac
9%
Mercer | Roane II
8%
Mercer | Roane III
8%
Hardy Moorefield
8%
Summers New River
8%
Doddridge Pine
8%
Hampshire Romney
8%
Wood Williams
8%
Preston | Upshur First
7%
Preston | Upshur Second
7%
Jefferson Shepherdstown
7%
Preston | Upshur Third
7%
Gilmer City
6%
Tucker Davis
6%
Preston Fifth
6%
Preston Fourth
6%
Doddridge Maple
6%
Nicholas Summersville
6%
Brooke Wellsburg
6%
Doddridge Beech
5%
Hancock | Wayne Butler
5%
Hampshire | Hardy Capon
5%
Pocahontas Greenbank
5%
Marion Middletown
5%
Mingo Williamson
5%
Gilmer De Kalb-Troy
4%
Gilmer Glenville
4%
Randolph Leadsville
4%
Wayne Ceredo
3%
Mason Cologne
3%
Lewis Courthouse-Collins Settlement
3%
Randolph | Tucker Dry Fork
3%
Brooke Follansbee
3%
Mason Graham
3%
Nicholas Kentucky
3%
Fayette New Haven
3%
Randolph New Interest
3%
Berkeley Norborne
3%
Harrison North Urban
3%
Fayette Plateau
3%
Wood Slate
3%
Hardy South Fork
3%
Harrison South Urban
3%
Wayne Stonewall
3%
Berkeley Tuscarora
3%
Taylor | Wood Tygart
3%
Randolph Valley Bend
3%
Berkeley Adam Stephens
2%
Mason Arbuckle
2%
Nicholas Beaver
2%
Randolph Beverly
2%
Hampshire Bloomery
2%
Summers Bluestone River
2%
Mason Clendenin
2%
Mason Cooper
2%
Pocahontas Edray
2%
Tucker Fairfax
2%
Lewis Freemans Creek
2%
Hampshire Gore
2%
Summers Greenbrier River
2%
Lewis Hackers Creek-Skin Creek
2%
Mason Hannan
2%
Pocahontas Huntersville
2%
Randolph Huttonsville
2%
Jefferson Kabletown
2%
Pocahontas Little Levels
2%
Hardy Lost River
2%
Wood Lubeck
2%
Mingo Magnolia
2%
Randolph Middle Fork
2%
Jefferson Middleway
2%
Hampshire Mill Creek
2%
Grant Milroy
2%
Ritchie Murphy
2%
Hardy Old Fields
2%
Marion Palatine
2%
Randolph Roaring Creek
2%
Mason Robinson
2%
Hampshire Sherman
2%
Wood Steele
2%
Mason Waggener
2%
Wood Walker
2%
Marion West Augusta
2%
Wayne Westmoreland
2%
Nicholas Wilderness
2%
Mingo Beech Ben Mate
1%
McDowell Big Creek
1%
Tucker Black Fork
1%
McDowell Browns Creek
1%
Tucker Clover
1%
Mingo Kermit Harvey
1%
Tucker Licking
1%
McDowell North Elkin
1%
McDowell Sandy River
1%
Mingo Stafford
1%
Tucker St. George
1%
Mingo Tug Hardee
1%
No matching quizzes found
Score Distribution
Percent of People with Each Score
Percentile by Number Answered
Your Score History
You have not taken this quiz